Statistics for Shakespeare Decoder

Click here to take the quiz!

General Stats

  • This quiz has been taken 257 times
    (248 since last reset)
  • The average score is 19 of 30

Answer Stats

HintAnswer% Correct
RSetting of Julius CaesarRome
98%
R_____ and JulietRomeo
98%
NTo be or ___ to be, that is the questionnot
95%
AShakespeare play: __ You Like ItAs
94%
MShakespeare play: A _________ Night's DreamMidsummer
93%
AShakespeare's birthplace: Stratford-upon-____Avon
89%
SFamous 14-line poemsSonnets
89%
E__ tu, Brute?Et
85%
HShakespeare's first play: _____ VI Part OneHenry
81%
LBloody-handed murderer: ____ MacbethLady
79%
OMajor female character in HamletOphelia
79%
AFirst name of Shakespeare's wifeAnne
73%
KA horse! A horse! My _______ for a horse!kingdom
72%
OShakespeare play (tragic): _______Othello
72%
HLast name of Shakespeare's wifeHathaway
69%
OKing of the fairesOberon
64%
RDeposed and killed eponymous kingRichard II
61%
CA monument for Shakespeare sits in Poet's ______Corner
59%
IVillain of the seventh clueIago
54%
PHeroine of the Merchant of VenicePortia
51%
ICommon setting of Shakespeare's playsItaly
45%
TShakespeare's grave: Church of the Holy _______Trinity
38%
YFamous 'fellow of infinite jest'Yorick
38%
QuoteAlas, poor Yorick! I knew him, Horatio...
33%
KShakespeare play: The Two Noble _______Kinsmen
31%
ODuke of Twelfth NightOrsino
31%
I...nor custom stale her ________ varietyinfinite
30%
WModern county where Shakespeare was bornWarwickshire
29%
OTheoretical 'alternate Shakespeare': Earl of ______Oxford
18%
IPosthumus' wrongly accused wifeImogen
8%

Score Distribution

Percentile by Number Answered

Percent of People with Each Score

Your Score History

You have not taken this quiz since the last reset